000 00522nam a2200145 a 4500
008 130627s2008 ||||||||||||||||| || u
020 _a9780857500434
050 _aPR 6102 .E236.F57
100 _aBecker, James
245 1 4 _aThe first apostle
_cby James Becker
260 _aLondon:
_bTransworld Publishers
_c2008
300 _a475p.:
650 _aPAUL, THE APOSTLE, SAINT--TOMB--FICTION
995 _FCBU-MAIN LIBRARY (Kitwe)
_M1
_UOUT
_WJul 17, 2013
_ZFiction Collection
999 _c43538
_d43538